Visualizzazione normale
Vista MARC
- Lorente Sariñena, Marta
di Personal Name
Records bibliografici associati: 5
001 - CONTROL NUMBER
- control field: 18221
003 - CONTROL NUMBER IDENTIFIER
- control field: IT-RoINE
005 - DATE AND TIME OF LATEST TRANSACTION
- control field: 20150415092825.0
008 - FIXED-LENGTH DATA ELEMENTS
- fixed length control field: 150415|| aca||aabn | a|a d
040 ## - CATALOGING SOURCE
- Original cataloging agency: IT-RoINE
- Transcribing agency: IT-RoINE
100 ## - HEADING--PERSONAL NAME
- Personal name: Lorente Sariñena, Marta
670 ## - SOURCE DATA FOUND
- Source citation: Work cat.: (IT-RoINE)0: Garriga, Carlos 18219, Cádiz, 1812 :, 2007.